00978cam a2200265 a 4500999001500000001000500015003000900020005001700029008004100046020001500087040003200102082001600134100002100150245004000171250001200211260003200223300004500255500002000300650002200320650001600342942001200358952011400370952011400484952011400598 c4968d49681683BD-DhUAP20201125144840.0201125s1996 iaua b 001 0 eng d a0697209857 aNNNAMcNNNAMdBD-DhUAPbeng00a612 FOX223 aFox, Stuart Ira.10aHuman physiology /cStuart Ira Fox. a5th ed. aDubuque, IA :bWCB,cc1996. axx, 704 pages :billustrations ;c29 cm. aIncludes index. 0aHuman physiology. 2aPhysiology. 2ddccBK 00102ddc4070aUAPCLbUAPCLcGeneral Stacksd2020-11-25o612 FOXp3010001683r2020-11-25t1w2020-11-25yBK 00102ddc4070aUAPCLbUAPCLcGeneral Stacksd2020-11-25o612 FOXp3010001581r2020-11-25t2w2020-11-25yBK 00102ddc4070aUAPCLbUAPCLcGeneral Stacksd2021-01-31o612 FOXp3010001579r2021-01-31t3w2021-01-31yBK